000 01368nam0a22002891 4500
001 rc\2324193
005 20110829144522.9
035 _a(NLR Aleph) 006580310
090 _a7038632
_c7038632
100 _a20110829d1977 |||y0rusy50 ca
101 0 _arus
102 _aRU
105 _aa c |||||
200 1 _aМетодические указания по оценке оправдываемости и эффективности рекомендаций по выбору наивыгоднейших и безопасных путей плавания судов в океанах
_fГл. упр. гидрометеорол. службы при Совете Министров СССР. Науч.-исслед. гидрометеорол. центр СССР
210 _aМосква
_cБ. и.
_d1977
215 _a41 с.
_cил.
_d31
300 _aНа 5-й с.: разраб. В.А. Волженков, В.С. Красюк
320 _aБиблиогр.: с. 41
702 1 _aКрасюк
_bВ. С.
_4570
702 1 _aВолженков
_bВ. А.
_4570
712 0 2 _aГидрометеорологический научно-исследовательский центр СССР
_3RU\NLR\AUTH\889926792
801 0 _aRU
_bNLR
_gpsbo
801 1 _aRU
_bELAR
_2rusmarc
852 _aNLR
_j77-9/43
899 _aRuMoRGB
_jБ 77-57/455
942 _cBOOK
980 _aNB